Patterns : (Record no. 194020)
[ view plain ]
| 000 -LEADER | |
|---|---|
| fixed length control field | 01198nam a2200313 i 4500 |
| 003 - CONTROL NUMBER IDENTIFIER | |
| control field | OSt |
| 005 - DATE AND TIME OF LATEST TRANSACTION | |
| control field | 20231214112457.0 |
| 008 - FIXED-LENGTH DATA ELEMENTS--GENERAL INFORMATION | |
| fixed length control field | 231213t20162018at a a 000 0 eng d |
| 020 ## - INTERNATIONAL STANDARD BOOK NUMBER | |
| Terms of availability | RM15.97 |
| Qualifying information | hardback |
| 040 ## - CATALOGING SOURCE | |
| Original cataloging agency | PPAK |
| Language of cataloging | eng |
| Transcribing agency | PPAK |
| Description conventions | rda |
| 082 04 - DEWEY DECIMAL CLASSIFICATION NUMBER | |
| Edition number | 23 |
| Classification number | 152.1423 |
| 090 00 - LOCALLY ASSIGNED LC-TYPE CALL NUMBER (OCLC); LOCAL CALL NUMBER (RLIN) | |
| Classification number (OCLC) (R) ; Classification number, CALL (RLIN) (NR) | 152.1423 |
| Feature heading | PAT |
| Feature heading | RK |
| 245 00 - TITLE STATEMENT | |
| Title | Patterns : |
| Remainder of title | swirls / |
| Statement of responsibility, etc. | Illustrations: Gina Lorena Maldonado |
| 246 30 - VARYING FORM OF TITLE | |
| Title proper/short title | Swirls |
| 250 ## - EDITION STATEMENT | |
| Edition statement | Board edition. |
| 264 #1 - PRODUCTION, PUBLICATION, DISTRIBUTION, MANUFACTURE, AND COPYRIGHT NOTICE | |
| Place of production, publication, distribution, manufacture | Hawthorn, VIC : |
| Name of producer, publisher, distributor, manufacturer | Lake Press, |
| Date of production, publication, distribution, manufacture, or copyright notice | 2018 |
| Date of production, publication, distribution, manufacture, or copyright notice | ©2016 |
| 300 ## - PHYSICAL DESCRIPTION | |
| Extent | 1 volume (unpaged) : |
| Other physical details | colour illustrations ; |
| Dimensions | 15 cm |
| 336 ## - CONTENT TYPE | |
| Content type term | text |
| Source | rdacontent |
| 337 ## - MEDIA TYPE | |
| Media type term | unmediated |
| Source | rdamedia |
| 338 ## - CARRIER TYPE | |
| Carrier type term | volume |
| Source | rdacarrier |
| 520 ## - SUMMARY, ETC. | |
| Summary, etc. | EARLY LEARNING: SIZE, SHAPES & PATTERNS. A fun early learning concept to help children identify patterns with bright an vibrant illustrations. Patterns are raised to add tactile, interactive element throughout each title. Ages 0+ |
| 650 10 - SUBJECT ADDED ENTRY--TOPICAL TERM | |
| Topical term or geographic name entry element | Pattern perception |
| General subdivision | Pictorial works |
| Form subdivision | Juvenile literature. |
| Topical term or geographic name entry element | Swirls |
| Form subdivision | Juvenile literature. |
| Topical term or geographic name entry element | Children's stories |
| 655 ## - INDEX TERM--GENRE/FORM | |
| Genre/form data or focus term | Board books |
| 700 1# - ADDED ENTRY--PERSONAL NAME | |
| Personal name | Maldonado, Gina Lorena, |
| Relator term | illustrator. |
| 942 ## - ADDED ENTRY ELEMENTS (KOHA) | |
| Source of classification or shelving scheme | Dewey Decimal Classification |
| Koha item type | Book |
| Withdrawn | Not for loan | Current library | Shelving location | Date acquired | Total Checkouts | Full call number | Barcode | Date last seen | Koha item type |
|---|---|---|---|---|---|---|---|---|---|
| Not For Loan | Perpustakaan Alor Setar | Rujukan Kanak-kanak | 01/01/2024 | RK 152.1423 PAT | A01806400 | 01/01/2024 | Book | ||
| Not For Loan | Perpustakaan Awam Sungai Petani | Rujukan Kanak-kanak | 01/01/2024 | RK 152.1423 PAT | A01806401 | 01/01/2024 | Book | ||
| Not For Loan | Perpustakaan Jitra | Rujukan Kanak-kanak | 01/01/2024 | RK 152.1423 PAT | A01806402 | 01/01/2024 | Book | ||
| Not For Loan | Perpustakaan Kulim | Rujukan Kanak-kanak | 01/01/2024 | RK 152.1423 PAT | A01806404 | 01/01/2024 | Book | ||
| Not For Loan | Perpustakaan Langkawi | Rujukan Kanak-kanak | 01/01/2024 | RK 152.1423 PAT | A01806403 | 01/01/2024 | Book |